LEADER 01941nam a2200265 u 4500 001 000000027121 003 CaOOAMICUS 005 20110927100118.0 008 960110s1847 it u000 u ita u 035 $a10703250 040 $aBAV(R)$bita$dPUL(R)$dPUL(R) 110 1 $aStati pontifici.$0(OLS)http://pul/name/18021 240 10$aLeggi, ecc. (Stati pontifici).$0(OLS)http://pul/title/29842 245 10$aDeclaratorie officiali di vari paragrafi del Regolamento legislativo e giudiziario del 10 novembre 1834 e dell'Editto disciplinare del 17 decembre sudetto disposte secondo l'ordine delle materie e corredate d'indice alfabetico e di note /$cper cura di Sisto Vinciguerra. 260 $aRoma :$bTip. Menicanti,$c1847. 300 $axv, 149 p.$c22 cm 504 $aBibliografia in nota. 850 $aPUL 852 $aPUL$W1$xDP1 Antico 800$y27$m183 F 18(int.2)$j37794$nBK-PRI$b $qStampati Antico$B37794$CPULBib$Z2$F37794 $H $81 852 $aPUL$W1$xDP1 Antico 800$y27$m831 F 33$j37795$nBK-PRI$qStampati Antico$B37795$CPULBib$Z2$F37795 $82 941 1 $a15 961 $aINV: Legato con: Aforismi del Gius romano ... Venezia, 1829. 961 $aEsemplare appartenuto a Papa Pio IX. Legatura in pelle rossa su cartone. Sui due piatti cornici e decorazioni in oro a motivi floreali ; al centro stemma di Pio IX sormontato da tiara e chiavi decussate, racchiuso in corona d'alloro.Precedenti collocazioni : 66 C 36; R I 62.; 24- D 18Esemplare contenente lettera autografa del curatore Sisto Vinciguerra con dedica personale a Papa Pio IX. 996 $6245$aDeclaratorie officiali di vari paragrafi del Regolamento legislativo e giudiziario del 10 novembre 1834 e dell'Editto disciplinare del 17 decembre sudetto disposte secondo l'ordine delle materie e corredate d'indice alfabetico e di note$9(OLS)http://pul/title/37176 996 $6260$aRoma :$bTip. Menicanti$9(OLS)http://pul/publisher/50950 LEADER 01545nam a2200337 u 4500 001 000000001139 003 CaOOAMICUS 005 20070226104259.0 008 941011s1966 ne u000 u lat u 035 $a10025824 040 $aPUL(R)$bita 041 1 $alat$agrc 100 0 $aAristoteles,$d384-322 a.C.$0(OLS)http://pul/name/792 240 10$aDe generatione animalium$9(Aristoteles, 384-322 a.C.).$lLatino.$0(OLS)http://pul/title/1696 245 10$aDe generatione animalium /$ctranslatio Guillelmi de Moerbeka ; edidit H. J. Drossaart Lulofs. 260 $aBruges :$bDesclée de Brouwer,$c1966. 300 $axxxii, 270 p. ;$c26 cm 490 1 $aCorpus philosophorum Medii Aevi Academiarum consociatarum auspiciis et consilio editum. Aristoteles latinus ;$vXVII, 2 500 $aComprende indice. 504 $aBibliografia in nota. 700 0 $aGuilelmus de Moerbeka,$d1215-1286.$0(OLS)http://pul/name/18966 700 1 $aDrossaart Lufols, H. J.$0(OLS)http://pul/name/1295 830 0$aCorpus philosophorum Medii Aevi.$pAristoteles latinus ;$vXVII, 2.$0(OLS)http://pul/title/996 850 $aPUL 852 $aPUL$W1$xSL Filosofia 1$y2$m82 M 1.17.2$j190300$nBK-PRI$b $qStampati$B1478$CPULBib$Z2$F1478 $H32732 $81 900 $aAristotle,$d 384-322 a.C.$9792 900 $aAristotele,$d384-322 a.C.$9792 941 1 $a8 961 $aINV: 32732 996 $6245$aDe generatione animalium$9(OLS)http://pul/title/1697 996 $6260$aBruges :$bDesclée de Brouwer$9(OLS)http://pul/publisher/48305